<?xml version="1.0" encoding="UTF-8"?>
<record
    xmlns:xsi="http://www.w3.org/2001/XMLSchema-instance"
    xsi:schemaLocation="http://www.loc.gov/MARC21/slim http://www.loc.gov/standards/marcxml/schema/MARC21slim.xsd"
    xmlns="http://www.loc.gov/MARC21/slim">

  <leader>01199nam a22001817a 4500</leader>
  <controlfield tag="008">140604b        xxu||||| |||| 00| 0 eng d</controlfield>
  <datafield tag="020" ind1=" " ind2=" ">
    <subfield code="a">9780135063972</subfield>
  </datafield>
  <datafield tag="050" ind1=" " ind2=" ">
    <subfield code="a">HF5415.5.T513</subfield>
  </datafield>
  <datafield tag="100" ind1=" " ind2=" ">
    <subfield code="a">Timm, Paul R.</subfield>
  </datafield>
  <datafield tag="245" ind1=" " ind2=" ">
    <subfield code="a">Customer service: career success through customer loyalty. /</subfield>
    <subfield code="c">Paul R. Timm.</subfield>
  </datafield>
  <datafield tag="250" ind1=" " ind2=" ">
    <subfield code="a">5th ed.</subfield>
  </datafield>
  <datafield tag="260" ind1=" " ind2=" ">
    <subfield code="a">Boston:</subfield>
    <subfield code="b">Prentice Hall,</subfield>
    <subfield code="c">2011.</subfield>
  </datafield>
  <datafield tag="300" ind1=" " ind2=" ">
    <subfield code="a">xii, 226p.:</subfield>
    <subfield code="b">ill.;</subfield>
    <subfield code="c">26cm.</subfield>
  </datafield>
  <datafield tag="500" ind1=" " ind2=" ">
    <subfield code="a">Includes index.</subfield>
  </datafield>
  <datafield tag="505" ind1=" " ind2=" ">
    <subfield code="a">Contents: Know why service matters -- Life: Little things -- Use behaviors that engage your customers -- Listen to your customer (a big "little thing") -- Use the telephone well for good service -- Use friendly web sites and electronic communication -- Life: Insight -- Recognize and deal with customer turnoffs -- Insight into emerging trends in customer service -- Life: Feedback -- Get customer feedback -- Recover the potentially lost customer -- Life: Expectations -- Exceed expectations with value -- Exceed customer expectations with information -- Exceed customer expectations with convenience and timing -- Living life: Dealing with emotional labor -- Get employees to give great service.</subfield>
  </datafield>
  <datafield tag="650" ind1=" " ind2=" ">
    <subfield code="a">Marketing.</subfield>
  </datafield>
  <datafield tag="942" ind1=" " ind2=" ">
    <subfield code="2">lcc</subfield>
    <subfield code="c">BK</subfield>
  </datafield>
  <datafield tag="999" ind1=" " ind2=" ">
    <subfield code="c">2946</subfield>
    <subfield code="d">10446</subfield>
  </datafield>
  <datafield tag="952" ind1=" " ind2=" ">
    <subfield code="0">0</subfield>
    <subfield code="1">0</subfield>
    <subfield code="2">lcc</subfield>
    <subfield code="4">0</subfield>
    <subfield code="7">0</subfield>
    <subfield code="a">WIUC-1</subfield>
    <subfield code="b">WIUC-1</subfield>
    <subfield code="c">REF</subfield>
    <subfield code="d">2014-06-04</subfield>
    <subfield code="l">0</subfield>
    <subfield code="o">HF5415.5.T513</subfield>
    <subfield code="p">7264/289/13</subfield>
    <subfield code="r">2014-06-04 00:00:00</subfield>
    <subfield code="t">1</subfield>
    <subfield code="w">2014-06-04</subfield>
    <subfield code="y">BK</subfield>
  </datafield>
  <datafield tag="952" ind1=" " ind2=" ">
    <subfield code="0">0</subfield>
    <subfield code="1">0</subfield>
    <subfield code="2">lcc</subfield>
    <subfield code="4">0</subfield>
    <subfield code="7">0</subfield>
    <subfield code="a">WIUC-1</subfield>
    <subfield code="b">WIUC-1</subfield>
    <subfield code="c">REF</subfield>
    <subfield code="d">2014-06-04</subfield>
    <subfield code="l">0</subfield>
    <subfield code="o">HF5415.5.T5131</subfield>
    <subfield code="p">7265/290/13</subfield>
    <subfield code="r">2014-06-04 00:00:00</subfield>
    <subfield code="t">2</subfield>
    <subfield code="w">2014-06-04</subfield>
    <subfield code="y">BK</subfield>
  </datafield>
  <datafield tag="952" ind1=" " ind2=" ">
    <subfield code="0">0</subfield>
    <subfield code="1">0</subfield>
    <subfield code="2">lcc</subfield>
    <subfield code="4">0</subfield>
    <subfield code="7">0</subfield>
    <subfield code="a">WIUC-1</subfield>
    <subfield code="b">WIUC-1</subfield>
    <subfield code="c">REF</subfield>
    <subfield code="d">2014-06-04</subfield>
    <subfield code="l">0</subfield>
    <subfield code="o">HF5415.5.T5132</subfield>
    <subfield code="p">7266/291/13</subfield>
    <subfield code="r">2014-06-04 00:00:00</subfield>
    <subfield code="t">3</subfield>
    <subfield code="w">2014-06-04</subfield>
    <subfield code="y">BK</subfield>
  </datafield>
</record>
